[Event "Solrød Skole"]
[Site "Køge Bugt Vinter 2011"]
[Date "2011.01.12"]
[Round "1.2"]
[White "Kristensen, Benny"]
[Black "Christensen, Verner"]
[Result "0-1"]
[WhiteElo "1633"]
[BlackElo "1978"]
[PlyCount "72"]
[EventDate "2011.??.??"]
[WhiteTeam "Skovbo Skakklub"]
[BlackTeam "Solrød Skakklub"]

1. e4 e5 2. Nf3 Nc6 3. Bb5 f5 4. exf5 e4 5. Bxc6 dxc6 6. Ne5 Bxf5 7. Qh5+ g6 8.
Qe2 Qe7 9. Nc4 O-O-O 10. b3 Bg7 11. Nc3 Nf6 12. Ne3 Nd5 13. Nexd5 cxd5 14. Rb1
Rhe8 15. Bb2 d4 16. Nd1 Qg5 17. g3 Bg4 18. h4 Qh5 19. Qc4 Bxd1 20. Rxd1 d3 21.
O-O Bxb2 22. c3 Rd6 23. Qa4 Rde6 24. Qxa7 Ra6 25. Qd4 Rxa2 26. Rb1 Qe5 27. Qc4
Qe6 28. Qd4 Qxb3 29. Qg7 Qg8 30. Qd4 Qe6 31. Qb4 Qb6 32. Qc4 Qa6 33. Qf7 Qe6
34. Qxh7 Bxc3 35. Rfc1 Ba5 36. Qh6 Bxd2 0-1

[Event "Solrød Skole"]
[Site "Køge Bugt Vinter 2011"]
[Date "2011.01.12"]
[Round "1.3"]
[White "Pondal, Jesper"]
[Black "Forsmann, Henning"]
[Result "1-0"]
[WhiteElo "1822"]
[BlackElo "1758"]
[PlyCount "63"]
[EventDate "2011.??.??"]
[WhiteTeam "Køge Skakklub"]
[BlackTeam "Solrød Skakklub"]

1. d4 Nf6 2. Bg5 d5 3. Bxf6 gxf6 4. e3 c5 5. dxc5 Qa5+ 6. Nc3 e6 7. Qd4 Ke7 8.
b4 Qd8 9. a3 Nc6 10. Qh4 Bg7 11. Nge2 e5 12. Rd1 Be6 13. g3 e4 14. Nf4 Ne5 15.
Nfxd5+ Kf8 16. Qxe4 f5 17. Qf4 Qc8 18. Be2 b6 19. cxb6 axb6 20. b5 Qb7 21. Qb4+
Ke8 22. O-O Rc8 23. f4 Ng4 24. Bf3 Qa7 25. Bxg4 fxg4 26. Ne4 f5 27. Nd6+ Kd8
28. Nxc8 Kxc8 29. Ne7+ Kb7 30. Rd6 Bc8 31. Rfd1 Qb8 32. Rd7+ 1-0

[Event "Solrød Skole"]
[Site "Køge Bugt Vinter 2011"]
[Date "2011.01.12"]
[Round "1.4"]
[White "Borup, Johnny"]
[Black "Krogh, Peter Ove"]
[Result "1-0"]
[WhiteElo "1627"]
[BlackElo "1917"]
[PlyCount "61"]
[EventDate "2011.??.??"]
[WhiteTeam "Brøndbyernes Skakklub"]
[BlackTeam "Køge Skakklub"]

1. e4 c5 2. Nf3 a6 3. d4 cxd4 4. Nxd4 Nf6 5. Nc3 e5 6. Nf3 Bb4 7. Bg5 Qc7 8.
Qd3 Bxc3+ 9. bxc3 Nxe4 10. c4 Nxg5 11. Nxg5 h6 12. Ne4 O-O 13. Be2 Nc6 14. c3
f5 15. Nd6 Ne7 16. Rd1 b5 17. O-O bxc4 18. Qe3 Ng6 19. Bxc4+ Kh7 20. Rd2 Bb7
21. Nxb7 Qxb7 22. Bd5 Qc7 23. Bxa8 Rxa8 24. Rfd1 Rd8 25. Rd6 Qc4 26. Qd3 Qf7
27. Rxd7 Rxd7 28. Qxd7 Qxa2 29. Qxf5 Qb3 30. Rb1 Qxc3 31. h4 1-0

[Event "Solrød Skole"]
[Site "Køge Bugt Vinter 2011"]
[Date "2011.01.12"]
[Round "1.5"]
[White "Hansen, Erik Levin"]
[Black "Refsgaard, Kaj"]
[Result "1-0"]
[WhiteElo "1812"]
[BlackElo "1749"]
[PlyCount "79"]
[EventDate "2011.??.??"]
[WhiteTeam "Haslev Skakklub"]
[BlackTeam "Jernbanens Skakklub"]

1. e4 c5 2. Nf3 Nc6 3. Bb5 g6 4. d3 Bg7 5. O-O Qc7 6. Qe2 Nf6 7. a3 O-O 8. Nbd2
Ng4 9. Bxc6 Qxc6 10. Nc4 b5 11. Ne3 Nxe3 12. Qxe3 d6 13. Rb1 Bg4 14. h3 Bxf3
15. Qxf3 a5 16. Qe2 Rfc8 17. f4 c4 18. Bd2 Qc5+ 19. Be3 Bd4 20. Bxd4 Qxd4+ 21.
Qf2 Qf6 22. d4 a4 23. c3 e6 24. Rbe1 Re8 25. Re3 Rac8 26. Rf3 Rc7 27. f5 exf5
28. exf5 Qg7 29. Re3 Rxe3 30. Qxe3 Rc8 31. Qe4 Qf8 32. Re1 Qd8 33. Qe7 Qf8 34.
f6 Rc6 35. Qd7 Rc8 36. Qxb5 Qd8 37. Re7 h5 38. Qxa4 d5 39. Qd7 Kf8 40. Rxf7+
1-0

[Event "Solrød Skole"]
[Site "Køge Bugt Vinter 2011"]
[Date "2011.01.12"]
[Round "1.6"]
[White "Larsen, Paul M"]
[Black "Johannsen, Bjørn"]
[Result "1/2-1/2"]
[WhiteElo "1502"]
[BlackElo "1585"]
[PlyCount "71"]
[EventDate "2011.??.??"]
[WhiteTeam "Haslev Skakklub"]
[BlackTeam "Haslev Skakklub"]

1. c4 e5 2. g3 Nc6 3. Bg2 d6 4. Nc3 Nge7 5. e3 g6 6. Nge2 Bg7 7. O-O O-O 8. d4
exd4 9. exd4 a6 10. f4 Bg4 11. d5 Nd4 12. h3 Bxe2 13. Nxe2 Nxe2+ 14. Qxe2 Nf5
15. Qd3 Re8 16. Rb1 Qd7 17. b3 Re7 18. Bd2 Rae8 19. Rbe1 Rxe1 20. Rxe1 Bd4+ 21.
Kh2 Rxe1 22. Bxe1 Bg7 23. Qe4 Qe7 24. Qxe7 Nxe7 25. g4 f5 26. Kg3 Kf7 27. Kf3
Bd4 28. Ke2 b6 29. Kd3 Bb2 30. a4 a5 31. b4 axb4 32. Bxb4 Bc1 33. Bd2 Bxd2 34.
Kxd2 h6 35. Bf3 Kf6 36. Ke3 1/2-1/2

[Event "Solrød Skole"]
[Site "Køge Bugt Vinter 2011"]
[Date "2011.01.12"]
[Round "1.7"]
[White "Dyremose, Flemming"]
[Black "Sørensen, Aron Frank"]
[Result "1-0"]
[WhiteElo "1755"]
[BlackElo "1494"]
[PlyCount "63"]
[EventDate "2011.??.??"]
[WhiteTeam "Brøndbyernes Skakklub"]
[BlackTeam "Solrød Skakklub"]

1. d4 d5 2. c4 c6 3. Nc3 Nf6 4. Nf3 dxc4 5. e3 b5 6. a4 b4 7. Na2 e6 8. Bxc4
Nbd7 9. a5 Qxa5 10. Bd2 Qb6 11. Qb3 c5 12. O-O Bb7 13. dxc5 Nxc5 14. Qxb4 Nce4
15. Qxb6 axb6 16. Bb5+ Kd8 17. Rfd1 Bd5 18. Nc3 Rxa1 19. Rxa1 Nxd2 20. Nxd2 g6
21. Nxd5 Nxd5 22. Ra8+ Ke7 23. Ne4 f5 24. Ra7+ Kd8 25. Nd6 Nc7 26. Nf7+ Kc8 27.
Nxh8 Kb8 28. Rxc7 Kxc7 29. b3 Kd6 30. Nf7+ Ke7 31. Ne5 Bg7 32. Nc4 1-0

[Event "Solrød Skole"]
[Site "Køge Bugt Vinter 2011"]
[Date "2011.01.12"]
[Round "1.8"]
[White "Kirkebække, Mark"]
[Black "Orup, Kim Amdi"]
[Result "1-0"]
[WhiteElo "1489"]
[BlackElo "1547"]
[PlyCount "33"]
[EventDate "2011.??.??"]
[WhiteTeam "Tåstrup Skakforening"]
[BlackTeam "Solrød Skakklub"]

1. e4 e5 2. Nf3 d6 3. Bc4 Be7 4. d4 Nd7 5. dxe5 Nxe5 6. Bb3 Nf6 7. Nbd2 Bg4 8.
Qe2 c6 9. h3 Bh5 10. g4 Bg6 11. Nd4 Qa5 12. c3 O-O-O 13. f4 Nfd7 14. fxe5 Bh4+
15. Kd1 Qxe5 16. Nc4 Qxe4 17. Nxd6+ 1-0

[Event "Solrød Skole"]
[Site "Køge Bugt Vinter 2011"]
[Date "2011.01.12"]
[Round "1.9"]
[White "Krag-Jacobsen, Alan"]
[Black "Trærup, Jørgen"]
[Result "0-1"]
[WhiteElo "1469"]
[BlackElo "1725"]
[PlyCount "98"]
[EventDate "2011.??.??"]
[WhiteTeam "Solrød Skakklub"]
[BlackTeam "BMS Skak"]

1. e4 c5 2. c3 Nc6 3. d4 e6 4. Nf3 d6 5. Bb5 Bd7 6. Be3 a6 7. Bxc6 Bxc6 8. Nbd2
Be7 9. O-O Nf6 10. Qc2 cxd4 11. Nxd4 O-O 12. Nxc6 bxc6 13. Nf3 e5 14. Rfd1 Qc7
15. h3 Rab8 16. Rac1 Rb7 17. c4 c5 18. Bd2 Rfb8 19. b3 Qc6 20. Re1 Bd8 21. Bc3
a5 22. Rcd1 h6 23. Nd2 Nh5 24. f3 Nf4 25. Nf1 Qc7 26. Ne3 Bh4 27. Rf1 Bg5 28.
Nf5 Rd8 29. h4 Bf6 30. g3 Ne6 31. Qd2 Nd4 32. Nxd4 exd4 33. Bxa5 Qd7 34. Bxd8
Bxd8 35. Kg2 Ra7 36. Qb2 Ba5 37. Rf2 Bc3 38. Qb1 Ra3 39. Rc1 Qa7 40. Rcc2 Qa5
41. Qc1 Kf8 42. Rfe2 d3 43. Rxc3 dxe2 44. Kf2 Rxa2 45. Ke3 Ra1 46. Qd2 e1=Q+
47. Qxe1 Rxe1+ 48. Kd3 Rd1+ 49. Kc2 Rc1+ 0-1

[Event "Solrød Skole"]
[Site "Køge Bugt Vinter 2011"]
[Date "2011.01.12"]
[Round "1.10"]
[White "Hansen, Erik Friberg"]
[Black "Nielsen, Steen"]
[Result "0-1"]
[WhiteElo "1574"]
[BlackElo "1456"]
[PlyCount "130"]
[EventDate "2011.??.??"]
[WhiteTeam "Ishøj Skakklub"]
[BlackTeam "Solrød Skakklub"]

1. d4 d5 2. Nf3 Nf6 3. e3 Bg4 4. Be2 e6 5. Nbd2 c5 6. b3 Nc6 7. Bb2 Be7 8. a3
O-O 9. O-O Qc7 10. c4 cxd4 11. exd4 dxc4 12. Nxc4 Rfd8 13. Rc1 Rac8 14. Nce5
Qb6 15. Nxc6 bxc6 16. b4 a5 17. Bc3 axb4 18. axb4 Nd5 19. Qd2 Nxc3 20. Qxc3
Qxb4 21. Qc4 c5 22. dxc5 Bxc5 23. Qxb4 Bxb4 24. h3 Bf5 25. Ne5 Be4 26. Rfd1 Bd5
27. Nd3 Be7 28. Rxc8 Rxc8 29. Rc1 Rxc1+ 30. Nxc1 f5 31. f4 g5 32. g3 gxf4 33.
gxf4 Bc5+ 34. Kh2 Bd6 35. Kg3 e5 36. fxe5 Bxe5+ 37. Kf2 Kg7 38. Bf3 Be6 39. Ne2
Kf6 40. Kg2 Kg5 41. Ng3 Bxg3 42. Kxg3 f4+ 43. Kh2 Kf6 44. Kg2 Ke5 45. Kh2 Kd4
46. h4 Bd5 47. Kg2 Be4 48. Kf2 h6 49. Ke2 Bf5 50. Kf2 Bd3 51. Bh5 Ke4 52. Bf3+
Kf5 53. Kg2 Be4 54. Kf2 Bxf3 55. Kxf3 h5 56. Kf2 Kg4 57. Kg2 Kxh4 58. Kf3 Kg5
59. Kg2 Kg4 60. Kg1 Kg3 61. Kf1 h4 62. Kg1 Kf3 63. Kf1 h3 64. Kg1 Ke2 65. Kh2
f3 0-1

[Event "Solrød Skole"]
[Site "Køge Bugt Vinter 2011"]
[Date "2011.01.12"]
[Round "1.11"]
[White "Hald, Morten Hansen"]
[Black "Grum-Schwensen, Jens"]
[Result "1-0"]
[WhiteElo "1450"]
[BlackElo "1248"]
[PlyCount "59"]
[EventDate "2011.??.??"]
[WhiteTeam "Køge Skakklub"]
[BlackTeam "Brøndbyernes Skakklub"]

1. d4 d5 2. e4 e6 3. Bf4 Nf6 4. e5 Nfd7 5. Bd3 Be7 6. Qg4 g6 7. h4 Nc6 8. c3
Rg8 9. Bh6 Nf8 10. f4 a6 11. h5 f5 12. exf6 Bxf6 13. Bxf8 Kxf8 14. Qf3 Ne7 15.
g4 c6 16. Nd2 b6 17. O-O-O Rg7 18. g5 Bxd4 19. cxd4 Nf5 20. Ne2 Qc7 21. Bxf5
exf5 22. Rh3 Bb7 23. Rdh1 Rc8 24. hxg6 hxg6 25. Rh8+ Kf7 26. R8h7 Rcg8 27. Qe3
c5 28. Rxg7+ Rxg7 29. Kd1 Kg8 30. Qe8# 1-0

[Event "Solrød Skole"]
[Site "Køge Bugt Vinter 2011"]
[Date "2011.01.12"]
[Round "1.12"]
[White "Dyremose, Morten Sigvart"]
[Black "Jørgensen, Leif"]
[Result "0-1"]
[WhiteElo "1146"]
[BlackElo "1704"]
[PlyCount "90"]
[EventDate "2011.??.??"]
[WhiteTeam "Brøndbyernes Skakklub"]
[BlackTeam "Solrød Skakklub"]

1. e4 d5 2. exd5 Qxd5 3. Nc3 Qa5 4. d4 Nf6 5. Bd2 Qb6 6. Bc1 e6 7. a3 Bd7 8.
Bc4 Bd6 9. Nf3 O-O 10. b4 c6 11. Qe2 Qc7 12. Ne5 Be7 13. Bf4 Qd8 14. O-O Nd5
15. Nxd5 cxd5 16. Bd3 Nc6 17. Qh5 f5 18. Nxc6 bxc6 19. g4 Be8 20. Qh3 Bg6 21.
Qg3 Qd7 22. h4 h5 23. f3 Rf7 24. Rf2 Rd8 25. Rd1 Bd6 26. Re1 Bxf4 27. Qxf4 fxg4
28. Qe3 Bxd3 29. Qxd3 Rdf8 30. Ref1 gxf3 31. Rxf3 Qe7 32. Rxf7 Rxf7 33. Rxf7
Qxf7 34. Qg3 Kh7 35. Qd3+ Qg6+ 36. Kh2 Qxd3 37. cxd3 Kg6 38. Kg3 Kf5 39. Kf3 g5
40. hxg5 Kxg5 41. Kg3 Kf5 42. a4 e5 43. b5 cxb5 44. axb5 e4 45. dxe4+ Kxe4 0-1

[Event "Solrød Skole"]
[Site "Køge Bugt Vinter 2011"]
[Date "2011.01.26"]
[Round "2.1"]
[White "Ambirk, Jan Robert"]
[Black "Nielsen, Jan Mose"]
[Result "0-1"]
[WhiteElo "1782"]
[BlackElo "2118"]
[PlyCount "64"]
[EventDate "2011.??.??"]
[WhiteTeam "Vordingborg Skakklub"]
[BlackTeam "Tåstrup Skakforening"]

1. e4 c5 2. Nc3 a6 3. g3 b5 4. Bg2 Bb7 5. d3 e6 6. Be3 Nf6 7. h3 Be7 8. Qd2 d5
9. exd5 Nxd5 10. Nge2 Ra7 11. Nxd5 Bxd5 12. Nf4 Bxg2 13. Nxg2 Nc6 14. O-O Rd7
15. Ne1 O-O 16. f4 c4 17. Qf2 Bf6 18. Rb1 Nb4 19. a3 Nc6 20. dxc4 bxc4 21. Qg2
Qc7 22. Nf3 Rfd8 23. Qe2 Nd4 24. Nxd4 Bxd4 25. Bxd4 Rxd4 26. Rbd1 h6 27. Rxd4
Rxd4 28. Kh2 Qd6 29. Rf2 Qd5 30. Qe3 Rd1 31. Rf3 Rb1 32. Qc3 Qd1 0-1

[Event "Solrød Skole"]
[Site "Køge Bugt Vinter 2011"]
[Date "2011.01.26"]
[Round "2.2"]
[White "Christensen, Verner"]
[Black "Pondal, Jesper"]
[Result "1/2-1/2"]
[WhiteElo "1978"]
[BlackElo "1822"]
[PlyCount "61"]
[EventDate "2011.??.??"]
[WhiteTeam "Solrød Skakklub"]
[BlackTeam "Køge Skakklub"]

1. e4 c5 2. d4 cxd4 3. c3 dxc3 4. Nxc3 Nc6 5. Bc4 e6 6. Nf3 Be7 7. O-O d6 8.
Qe2 Nf6 9. Rd1 Qc7 10. Bg5 a6 11. Rac1 O-O 12. a3 Ne8 13. Bf4 Qd8 14. b4 Nc7
15. Rc2 Na7 16. a4 b5 17. Bb3 f6 18. Rcd2 bxa4 19. Nxa4 Ncb5 20. Nc5 Nc3 21.
Qc4 Nxd1 22. Nxe6 Bxe6 23. Qxe6+ Kh8 24. Rxd1 Nb5 25. e5 fxe5 26. Bxe5 Qe8 27.
Bg3 Rf6 28. Qh3 Rh6 29. Qf5 Rf6 30. Qh3 Rh6 31. Qf5 1/2-1/2

[Event "Solrød Skole"]
[Site "Køge Bugt Vinter 2011"]
[Date "2011.01.26"]
[Round "2.3"]
[White "Krogh, Peter Ove"]
[Black "Hansen, Erik Levin"]
[Result "1-0"]
[WhiteElo "1917"]
[BlackElo "1812"]
[PlyCount "173"]
[EventDate "2011.??.??"]
[WhiteTeam "Køge Skakklub"]
[BlackTeam "Haslev Skakklub"]

1. c4 Nf6 2. Nc3 e5 3. g3 d6 4. Bg2 c6 5. e4 Be6 6. b3 Be7 7. Nf3 h6 8. h3 Nbd7
9. O-O Qc7 10. d4 Nf8 11. Be3 Ng6 12. Qd2 a6 13. d5 Bd7 14. dxc6 Bxc6 15. Nh2
Rc8 16. Rac1 Qa5 17. Rfd1 O-O 18. Qe2 Rfe8 19. h4 Bd7 20. h5 Nf8 21. Nd5 Nxd5
22. exd5 Nh7 23. Nf3 Bg4 24. Qc2 Bxh5 25. Rf1 Bg6 26. Qb2 Qd8 27. b4 f5 28. c5
Bf6 29. cxd6 e4 30. Nd4 Qxd6 31. Qb3 Ng5 32. Bf4 Qb6 33. Rxc8 Rxc8 34. Bxg5
hxg5 35. Ne6 Rc3 36. Qd1 Rd3 37. Qc1 Rxd5 38. Qc8+ Bd8 39. Nxg5 Rd6 40. Qc4+
Kh8 41. Nf7+ Bxf7 42. Qxf7 Rf6 43. Qe8+ Kh7 44. Rd1 Bc7 45. Qh5+ Kg8 46. Qg5
Qe6 47. Bh3 e3 48. Qxe3 Qxe3 49. fxe3 Bxg3 50. Kg2 Bd6 51. b5 Bc5 52. Rd8+ Kh7
53. Rd7 Bxe3 54. Rxb7 f4 55. Kf3 axb5 56. Rxb5 Ra6 57. Bf5+ Kh6 58. Bb1 g6 59.
Kg4 g5 60. Rb7 Rg6 61. Bxg6 Kxg6 62. Rb5 Kf6 63. a4 Bd2 64. Rxg5 Ke6 65. Kf3
Kd6 66. Rf5 Kc6 67. Ke2 Be3 68. Kd3 Kb6 69. Kc4 Ka6 70. Rf8 Kb6 71. Rb8+ Ka6
72. Rb5 f3 73. Rf5 f2 74. Kd3 Bb6 75. Kc4 Be3 76. Rf6+ Ka7 77. Kb5 Bd4 78. Rf7+
Kb8 79. Ka6 Kc8 80. a5 Kb8 81. Kb5 Kc8 82. a6 Kb8 83. Kc6 Ka8 84. Kd5 Be3 85.
Ke4 Bb6 86. Kd3 Be3 87. Kxe3 1-0

[Event "Solrød Skole"]
[Site "Køge Bugt Vinter 2011"]
[Date "2011.01.26"]
[Round "2.4"]
[White "Vesterskov, Michael"]
[Black "Borup, Johnny"]
[Result "1/2-1/2"]
[WhiteElo "1749"]
[BlackElo "1627"]
[PlyCount "69"]
[EventDate "2011.??.??"]
[WhiteTeam "Køge Skakklub"]
[BlackTeam "Brøndbyernes Skakklub"]

1. e4 c5 2. Nf3 d6 3. d4 cxd4 4. Nxd4 Nf6 5. Nc3 Nc6 6. Bg5 e5 7. Ndb5 a6 8.
Na3 Be7 9. Nc4 Nd4 10. Bxf6 Bxf6 11. Nd5 b5 12. Ncb6 Rb8 13. Nxc8 Rxc8 14. c3
Nc6 15. a4 Rb8 16. axb5 axb5 17. Qb3 O-O 18. Bxb5 Bg5 19. Qa4 Ne7 20. b3 Nxd5
21. exd5 f5 22. Qc4 Qb6 23. Ba4 Rfc8 24. Qd3 e4 25. Qg3 Bh6 26. O-O e3 27. fxe3
Bxe3+ 28. Kh1 f4 29. Qe1 Rc7 30. c4 Rf7 31. Bb5 Qd4 32. Ra2 Rbf8 33. Rf3 g5 34.
h3 Qg7 35. g4 1/2-1/2

[Event "Solrød Skole"]
[Site "Køge Bugt Vinter 2011"]
[Date "2011.01.26"]
[Round "2.5"]
[White "Dyremose, Flemming"]
[Black "Kristensen, Benny"]
[Result "0-1"]
[WhiteElo "1755"]
[BlackElo "1633"]
[PlyCount "38"]
[EventDate "2011.??.??"]
[WhiteTeam "Brøndbyernes Skakklub"]
[BlackTeam "Skovbo Skakklub"]

1. d4 e6 2. c4 f5 3. Nf3 Nf6 4. Nc3 Be7 5. e3 O-O 6. Bd3 d5 7. O-O c6 8. a3 Qe8
9. Re1 Bd6 10. cxd5 exd5 11. Ne5 Bxe5 12. dxe5 Qxe5 13. Ne2 Nbd7 14. Rb1 Qd6
15. Bxf5 Ne5 16. Bxc8 Raxc8 17. h3 Ne4 18. Rf1 Qg6 19. Bd2 Nf3+ 0-1

[Event "Solrød Skole"]
[Site "Køge Bugt Vinter 2011"]
[Date "2011.01.26"]
[Round "2.6"]
[White "Forsmann, Henning"]
[Black "Kirkebække, Mark"]
[Result "1/2-1/2"]
[WhiteElo "1758"]
[BlackElo "1489"]
[PlyCount "104"]
[EventDate "2011.??.??"]
[WhiteTeam "Solrød Skakklub"]
[BlackTeam "Tåstrup Skakforening"]

1. b3 e5 2. Bb2 Nc6 3. Nf3 e4 4. Ng1 f5 5. e3 Nf6 6. d4 d5 7. c4 Be6 8. Nc3 Be7
9. cxd5 Nxd5 10. Nge2 Bb4 11. a3 Bd6 12. g3 Nce7 13. Nb5 c6 14. Nxd6+ Qxd6 15.
Nc3 O-O-O 16. Be2 Kb8 17. Na4 b6 18. O-O h5 19. Kg2 h4 20. Rh1 g5 21. Qd2 Rh6
22. Ba6 Rf8 23. Rae1 f4 24. exf4 gxf4 25. Rxe4 fxg3 26. hxg3 Rhf6 27. Rexh4 Ng6
28. Rh7 Rxf2+ 29. Qxf2 Rxf2+ 30. Kxf2 Nde7 31. b4 Bb3 32. Nc3 Qxd4+ 33. Ke1 Bc4
34. Bxc4 Qxc4 35. R1h2 Ne5 36. Kd1 Qf1+ 37. Kc2 Qd3+ 38. Kb3 N5g6 39. Re2 Qxg3
40. Rhxe7 Nxe7 41. Rxe7 Qg8+ 42. Kc2 Qg6+ 43. Kb3 Qd3 44. Bc1 Qd6 45. Rg7 Qf6
46. Rg2 Qf5 47. Rg8+ Kb7 48. Rg7+ Ka6 49. Rg5 Qf1 50. Bb2 Qf7+ 51. Kc2 Qh7+ 52.
Kb3 Qf7+ 1/2-1/2

[Event "Solrød Skole"]
[Site "Køge Bugt Vinter 2011"]
[Date "2011.01.26"]
[Round "2.7"]
[White "Johannsen, Bjørn"]
[Black "Orup, Kim Amdi"]
[Result "1-0"]
[WhiteElo "1585"]
[BlackElo "1547"]
[PlyCount "99"]
[EventDate "2011.??.??"]
[WhiteTeam "Haslev Skakklub"]
[BlackTeam "Solrød Skakklub"]

1. d4 f5 2. Nf3 d6 3. b3 e6 4. e3 Be7 5. Bb2 Nf6 6. Bd3 h6 7. h3 O-O 8. Nbd2 a6
9. Qe2 b5 10. c4 c6 11. O-O g5 12. Nh2 Qe8 13. e4 f4 14. e5 Nh7 15. Ng4 Kg7 16.
g3 d5 17. c5 Qh5 18. Kh2 Qf7 19. Kg2 Bd7 20. Nf3 Be8 21. Qc2 Qg8 22. Rad1 Nd7
23. Bc1 Kh8 24. Nxh6 Qg7 25. Ng4 Bh5 26. Rde1 Rf7 27. Ngh2 Bxf3+ 28. Nxf3 g4
29. hxg4 Qxg4 30. Bxh7 fxg3 31. fxg3 Rxh7 32. Rh1 Nf8 33. Rxh7+ Nxh7 34. Rh1
Qg7 35. Ng5 Bxg5 36. Bxg5 Kg8 37. Bf6 Qf7 38. g4 Nxf6 39. exf6 Qxf6 40. Qh7+
Kf8 41. Qh8+ Ke7 42. Rh7+ Qf7 43. Rxf7+ Kxf7 44. Qxa8 Kf6 45. Qxc6 b4 46. Qd6
a5 47. c6 a4 48. c7 axb3 49. axb3 Kg5 50. Kg3 1-0

[Event "Solrød Skole"]
[Site "Køge Bugt Vinter 2011"]
[Date "2011.01.26"]
[Round "2.8"]
[White "Refsgaard, Kaj"]
[Black "Larsen, Paul M"]
[Result "1-0"]
[WhiteElo "1749"]
[BlackElo "1502"]
[PlyCount "93"]
[EventDate "2011.??.??"]
[WhiteTeam "Jernbanens Skakklub"]
[BlackTeam "Haslev Skakklub"]

1. d4 f5 2. Nf3 Nf6 3. e3 g6 4. Bd3 Bg7 5. O-O O-O 6. c4 d6 7. Nc3 c6 8. Re1
Nbd7 9. Ng5 Nb6 10. b4 e5 11. Bb2 h6 12. Nh3 Be6 13. c5 Nbd5 14. Bc4 Qe7 15.
Qb3 Rad8 16. f3 Nh5 17. Nf2 Bf7 18. Rad1 Nhf6 19. e4 fxe4 20. Nfxe4 dxc5 21.
dxc5 Nxc3 22. Rxd8 Rxd8 23. Bxc3 Nxe4 24. Rxe4 Bxc4 25. Qxc4+ Kh7 26. Qe2 Qd7
27. Kf2 Kg8 28. Bxe5 Bxe5 29. Rxe5 Qd4+ 30. Kg3 Rf8 31. Re4 Qd5 32. Qc4 Qxc4
33. Rxc4 Rd8 34. Re4 Kf7 35. Re2 Rd4 36. Rb2 b6 37. cxb6 axb6 38. a4 Rd6 39.
Kf4 Kf6 40. g4 g5+ 41. Ke3 Ke5 42. Rd2 Rxd2 43. Kxd2 Kd4 44. f4 gxf4 45. h4 Ke4
46. g5 hxg5 47. hxg5 1-0

[Event "Solrød Skole"]
[Site "Køge Bugt Vinter 2011"]
[Date "2011.01.26"]
[Round "2.9"]
[White "Jørgensen, Leif"]
[Black "Hald, Morten Hansen"]
[Result "1-0"]
[WhiteElo "1704"]
[BlackElo "1450"]
[PlyCount "69"]
[EventDate "2011.??.??"]
[WhiteTeam "Solrød Skakklub"]
[BlackTeam "Køge Skakklub"]

1. e4 e5 2. Nf3 Nc6 3. Bc4 Nd4 4. O-O Qf6 5. Nxd4 exd4 6. d3 d6 7. f4 Be6 8.
Bxe6 Qxe6 9. c3 dxc3 10. Nxc3 O-O-O 11. Qc2 Ne7 12. Be3 Nc6 13. Nd5 f5 14. Qc4
Re8 15. Bxa7 fxe4 16. Rfe1 Qd7 17. Bb6 e3 18. Bxc7 Qf5 19. Bb6 e2 20. Rac1 Kb8
21. Rc2 Qe6 22. Ne3 Qxc4 23. Rxc4 g6 24. Rxe2 d5 25. Rcc2 Nb4 26. Nxd5 Bd6 27.
Rxe8+ Rxe8 28. Nxb4 Bxb4 29. Bc7+ Ka7 30. Rc4 Re1+ 31. Kf2 Re7 32. Be5 Ba5 33.
Ra4 Ka6 34. b4 Kb5 35. Rxa5+ 1-0

[Event "Solrød Skole"]
[Site "Køge Bugt Vinter 2011"]
[Date "2011.01.26"]
[Round "2.10"]
[White "Trærup, Jørgen"]
[Black "Hansen, Erik Friberg"]
[Result "1/2-1/2"]
[WhiteElo "1725"]
[BlackElo "1574"]
[PlyCount "60"]
[EventDate "2011.??.??"]
[WhiteTeam "BMS Skak"]
[BlackTeam "Ishøj Skakklub"]

1. d4 Nf6 2. c4 g6 3. Nf3 Bg7 4. Nc3 O-O 5. e4 d6 6. Bf4 Nbd7 7. g3 b6 8. Bg2
Nh5 9. Be3 e5 10. O-O Bb7 11. Rc1 Rc8 12. Bg5 Nhf6 13. Bh3 Rb8 14. Re1 h6 15.
Bd2 Re8 16. Bxd7 Qxd7 17. Qe2 a6 18. Kg2 Bc8 19. Qf1 Qh3+ 20. Kh1 Qxf1+ 21.
Rxf1 Bh3 22. Rfd1 Bg4 23. Kg2 Bxf3+ 24. Kxf3 exd4 25. Nd5 Nxd5 26. cxd5 Rbc8
27. Rc6 g5 28. g4 Be5 29. h3 Kg7 30. b3 Kg6 1/2-1/2

[Event "Solrød Skole"]
[Site "Køge Bugt Vinter 2011"]
[Date "2011.01.26"]
[Round "2.11"]
[White "Grum-Schwensen, Jens"]
[Black "Krag-Jacobsen, Alan"]
[Result "0-1"]
[WhiteElo "1248"]
[BlackElo "1469"]
[PlyCount "118"]
[EventDate "2011.??.??"]
[WhiteTeam "Brøndbyernes Skakklub"]
[BlackTeam "Solrød Skakklub"]

1. e4 c5 2. Nf3 d6 3. Nc3 Nf6 4. d3 Nc6 5. Be3 Bg4 6. Be2 h6 7. h3 Bh5 8. a3 g5
9. g4 Bg6 10. Nd5 Bg7 11. Rb1 a5 12. c3 Nd7 13. Bd2 e6 14. Ne3 Nde5 15. Nc2
Nxf3+ 16. Bxf3 Ne5 17. Be2 Nc6 18. Be3 O-O 19. f3 f5 20. Bf2 f4 21. Kf1 Bf7 22.
d4 Qb6 23. d5 exd5 24. exd5 Ne5 25. Kg2 Rfe8 26. h4 Bf6 27. h5 Qb3 28. Na1 Qxd5
29. Qxd5 Bxd5 30. Rbd1 Bc4 31. Rhe1 Rad8 32. Bf1 Bxf1+ 33. Rxf1 Nc4 34. Rfe1
Rxe1 35. Rxe1 Nxb2 36. Rc1 Nd3 37. Rc2 Re8 38. Kf1 Nxf2 39. Kxf2 Re3 40. Nb3
Rxc3 41. Rxc3 Bxc3 42. a4 Kf7 43. Ke2 Ke6 44. Kd3 Bb4 45. Nc1 d5 46. Na2 Be1
47. Nc1 Ke5 48. Ke2 Bc3 49. Kd3 Bb2 50. Ne2 c4+ 51. Kc2 Bd4 52. Kd2 Ba1 53. Kc2
d4 54. Kd2 Kd5 55. Nc1 Bc3+ 56. Kc2 Bb4 57. Kd1 d3 58. Nxd3 cxd3 59. Kc1 Kd4
0-1

[Event "Solrød Skole"]
[Site "Køge Bugt Vinter 2011"]
[Date "2011.02.09"]
[Round "3.1"]
[White "Nielsen, Jan Mose"]
[Black "Jørgensen, Leif"]
[Result "1-0"]
[WhiteElo "2118"]
[BlackElo "1704"]
[PlyCount "47"]
[EventDate "2011.??.??"]
[WhiteTeam "Tåstrup Skakforening"]
[BlackTeam "Solrød Skakklub"]

1. e4 d5 2. exd5 Qxd5 3. Nc3 Qa5 4. d4 Nf6 5. Bd2 Qb6 6. Nf3 Bg4 7. Bc4 e6 8.
Qe2 Bb4 9. d5 h6 10. O-O-O Nbd7 11. dxe6 fxe6 12. Rhe1 Nf8 13. a3 Bxf3 14. Qxf3
Bxc3 15. Bxc3 Kf7 16. Bxf6 gxf6 17. Qh5+ Ke7 18. a4 Qxf2 19. Kb1 Qb6 20. Ka2
Rd8 21. Rxd8 Kxd8 22. Qf7 Qb4 23. Rd1+ Kc8 24. Qe8# 1-0

[Event "Solrød Skole"]
[Site "Køge Bugt Vinter 2011"]
[Date "2011.02.09"]
[Round "3.2"]
[White "Kirkebække, Mark"]
[Black "Christensen, Verner"]
[Result "1/2-1/2"]
[WhiteElo "1489"]
[BlackElo "1978"]
[PlyCount "93"]
[EventDate "2011.??.??"]
[WhiteTeam "Tåstrup Skakforening"]
[BlackTeam "Solrød Skakklub"]

1. e4 e5 2. Nf3 Nc6 3. d4 exd4 4. Bc4 Nf6 5. Nxd4 Bc5 6. Nxc6 bxc6 7. Nc3 O-O
8. O-O d6 9. Bg5 Be6 10. Bb3 a5 11. Na4 Ba7 12. c4 h6 13. Bxf6 Qxf6 14. Qd3 Bd4
15. Bc2 g6 16. Rab1 Rfd8 17. b3 d5 18. cxd5 cxd5 19. Qd2 Kg7 20. Bd3 Ba7 21.
Qc2 Qf4 22. Rbe1 Qd6 23. Nc3 c6 24. exd5 Bxd5 25. Ne4 Bxe4 26. Bxe4 Rac8 27.
Rd1 Qf4 28. Qc3+ Kh7 29. Qf3 Qxf3 30. Bxf3 c5 31. Rd5 Rxd5 32. Bxd5 Kg7 33. g3
Rd8 34. Rd1 Kf6 35. Kf1 Bb8 36. f4 g5 37. fxg5+ hxg5 38. Ke2 Rh8 39. h4 gxh4
40. gxh4 Rxh4 41. Rf1+ Rf4 42. Rxf4+ Bxf4 43. Kd3 Ke7 44. Kc4 f5 45. Kxc5 Bd6+
46. Kb5 Bb4 47. a3 1/2-1/2

[Event "Solrød Skole"]
[Site "Køge Bugt Vinter 2011"]
[Date "2011.02.09"]
[Round "3.3"]
[White "Borup, Johnny"]
[Black "Johannsen, Bjørn"]
[Result "1-0"]
[WhiteElo "1627"]
[BlackElo "1585"]
[PlyCount "73"]
[EventDate "2011.??.??"]
[WhiteTeam "Brøndbyernes Skakklub"]
[BlackTeam "Haslev Skakklub"]

1. e4 b6 2. d4 Bb7 3. Bd3 e6 4. Nf3 c5 5. c3 cxd4 6. cxd4 Nf6 7. Nc3 Bb4 8. Qe2
Nc6 9. O-O O-O 10. a3 Bxc3 11. bxc3 h6 12. Bf4 d6 13. Rfd1 Re8 14. e5 Nd5 15.
Bd2 dxe5 16. Nxe5 Rc8 17. Rac1 Nf6 18. Bb5 Re7 19. Bf4 Nd5 20. Bg3 a6 21. Nxc6
Bxc6 22. Bxa6 Ra7 23. Bxc8 Qxc8 24. c4 Nf6 25. d5 Bb7 26. Qe3 exd5 27. cxd5 Qa8
28. Bd6 Nxd5 29. Qg3 Nf6 30. f3 Ra5 31. Be7 Rg5 32. Rd8+ Qxd8 33. Bxd8 Rxg3 34.
hxg3 b5 35. Bxf6 gxf6 36. Rc5 Kf8 37. Rxb5 1-0